Sobre cuestión contencioso administrativo suscitada por el Decreto de Disolución de la Compañía del Ferrocarril de Langreo / (Record no. 39788)

MARC details
000 -LEADER
campo de control de longitud fija 00675nam a2200193 i 4500
001 - NÚMERO DE CONTROL
campo de control 39788
003 - IDENTIFICADOR DE NÚMERO DE CONTROL
campo de control ES-MaACL
005 - FECHA Y HORA DE LA ÚLTIMA TRANSACCIÓN
campo de control 20230912063107.0
007 - CAMPO FIJO DE DESCRIPCIÓN FÍSICA--INFORMACIÓN GENERAL
campo de control de longitud fija t|
008 - DATOS DE LONGITUD FIJA--INFORMACIÓN GENERAL
campo de control de longitud fija 030304s1854 sp ||||1| spa d
080 ## - NÚMERO DE LA CLASIFICACIÓN DECIMAL UNIVERSAL
Número de la Clasificación Decimal Universal 656.2(460.12 Langreo)
100 1# - ENTRADA PRINCIPAL--NOMBRE DE PERSONA
Nombre de persona Canga Argüelles, José,
Fechas asociadas al nombre 1828-1898
9 (RLIN) 153832
245 10 - MENCIÓN DEL TÍTULO
Título Sobre cuestión contencioso administrativo suscitada por el Decreto de Disolución de la Compañía del Ferrocarril de Langreo /
Mención de responsabilidad, etc. José Canga Argüelles.
260 ## - PUBLICACIÓN, DISTRIBUCIÓN, ETC.
Lugar de publicación, distribución, etc. Madrid :
Nombre del editor, distribuidor, etc. [s.n.,
Fecha de publicación, distribución, etc. 1854]
300 ## - DESCRIPCIÓN FÍSICA
Extensión 1 v.
610 24 - PUNTO DE ACCESO ADICIONAL DE MATERIA--NOMBRE DE ENTIDAD CORPORATIVA
Nombre de entidad corporativa o nombre de jurisdicción como elemento de entrada Compañía del Ferro-Carril de Langreo en Asturias.
9 (RLIN) 175880
852 4# - LOCALIZACIÓN
Ubicación ES-MaACL
Número de control de estantería T-41-F-4
Holdings
Estatus retirado Estado de pérdida Estado de daño No para préstamo Colección Biblioteca de origen Biblioteca actual Ubicación en estantería Fecha de adquisición Fuente de adquisición Total de préstamos Signatura topográfica completa Código de barras Visto por última vez Precio de reemplazo Tipo de ítem Koha
        Colección de folletos Biblioteca del Ateneo de Madrid Biblioteca del Ateneo de Madrid Depósito folletos 17/01/2008     T-41-F-4 1041899 23/02/2023 23/02/2023 Folleto